|
|
|
|
| LEADER |
01050nam a2200229 i 4500 |
| 003 |
GR-PaULI |
| 005 |
20220222121422.0 |
| 008 |
220222s2010 sp a|||f |||| 001 0 eng d |
| 952 |
|
|
|0 0
|1 0
|2 ddc
|4 0
|6 720_500000000000000_CLI
|7 0
|9 356724
|a ARCH
|b ARCH
|c BSC
|d 2022-02-22
|i 013925
|l 0
|o 720.5 CLI
|p 025000215645
|r 2022-02-22 00:00:00
|t 1
|w 2022-02-22
|y BK15
|
| 999 |
|
|
|c 208815
|d 208815
|
| 020 |
|
|
|a 9788496954526
|
| 040 |
|
|
|a GR-PaULI
|b gre
|c GR-PaULI
|e AACR2
|
| 082 |
0 |
4 |
|2 23
|a 720.5
|
| 245 |
0 |
0 |
|a Clip stamp fold :
|b the radical architecture of little magazines 196X to 197X /
|c Beatriz Colomina and Craig Buckley, editors.
|
| 260 |
|
|
|a Barcelona :
|b M+M Books, Media and Modernity Programs,
|c 2010.
|
| 300 |
|
|
|a 671 σ. :
|b εικ. ;
|c 26 εκ.
|
| 500 |
|
|
|a Περιλαμβάνει ευρετήριο.
|
| 650 |
|
4 |
|9 190411
|a Αρχιτεκτονική
|x Περιοδικές εκδόσεις.
|
| 700 |
1 |
|
|9 25682
|a Colomina, Beatriz
|e επιμελήτρια.
|
| 700 |
1 |
|
|9 190412
|a Buckley, Craig
|e επιμελητής.
|
| 942 |
|
|
|2 ddc
|c BK15
|
| 998 |
|
|
|c ΒΑΣΙΛΕΙΟΥ
|d 2022-02
|